01195nam0a22002291 4500001001100000005001700011021001900028035002600047100004100073101000800114102000700122105001800129200036100147210004900508215001500557606011700572606006200689712015500751801001800906801002200924852001900946rc\458624620260408015557.0 aRUb[63-10928] a(NLR Aleph) 008659191 a20130416d1963 |||y0rusy50 ca0 arus aRU ay z |||||1 aМетодика преподавания народного танца в коллективах художественной самодеятельностиfГл. упр. проф.-техн. образования при Совете Министров РСФСР. Отд. воспитательной и культ.-массовой работы aМоскваcПрофтехиздатd1963 a56 с.d22 aХореографическая самодеятельностьjМетодические пособия2psbo aТанцыjМетодические пособия2psbo01aРСФСРbГлавное управление профессионально-технического образования3RU\NLR\AUTH\8810178785 0aRUbNLRgpsbo 1aRUbELAR2rusmarc aNLRj63-6/2754